Applying statistical concepts

This book introduction organizing and graphing data, describing distributions individual scores, central tendency, and variation 19, the normal distribution 40....

Gardado en:
Detalles Bibliográficos
Formato: Libro
Idioma:Undetermined
Publicado: Geneva,Illinois Houghton mifflin Co. 1994
Những chủ đề:
Các nhãn: Engadir etiqueta
Sen Etiquetas, Sexa o primeiro en etiquetar este rexistro!
Thư viện lưu trữ: Trung tâm Học liệu Trường Đại học Cần Thơ
LEADER 00656nam a2200181Ia 4500
001 CTU_186200
008 210402s9999 xx 000 0 und d
082 |a 519.5 
082 |b A648 
245 0 |a Applying statistical concepts 
245 0 |c Dennis E. Hinkle ... [et al.] 
260 |a Geneva,Illinois 
260 |b Houghton mifflin Co. 
260 |c 1994 
520 |a This book introduction organizing and graphing data, describing distributions individual scores, central tendency, and variation 19, the normal distribution 40.... 
650 |a Statistics,Thống kế 
904 |i Qhieu 
980 |a Trung tâm Học liệu Trường Đại học Cần Thơ